Effect of chemical fungicide use on tomato diseases at dey eth-sre ampel agricultural research and development center during wet season ប្រសិទ្ធភាពនៃការប្រើប្រាស់ថ្នាំផ្សិតគីមីលើជំងឺនៃដំណាំប៉េងប៉ោះនៅមណ្ឌលពិសោធន៍ស្រាវជ្រាវនិងអភិវឌ្ឍន៍កសិកម្មដីឥដ្ឋ ស្រែអំពិលនារដូវវស្សា (Record no. 688)

000 -LEADER
fixed length control field 00890nam a22001577a 4500
003 - CONTROL NUMBER IDENTIFIER
control field OSt
005 - DATE AND TIME OF LATEST TRANSACTION
control field 20150918084236.0
008 - FIXED-LENGTH DATA ELEMENTS--GENERAL INFORMATION
fixed length control field 150918b xxu||||| |||| 00| 0 eng d
040 ## - CATALOGING SOURCE
Transcribing agency RUA
082 ## - DEWEY DECIMAL CLASSIFICATION NUMBER
Classification number AGR LUY 2005 B031 Or.1
100 ## - MAIN ENTRY--PERSONAL NAME
9 (RLIN) 715
Personal name LUY, KETTANA.
245 ## - TITLE STATEMENT
Title Effect of chemical fungicide use on tomato diseases at dey eth-sre ampel agricultural research and development center during wet season ប្រសិទ្ធភាពនៃការប្រើប្រាស់ថ្នាំផ្សិតគីមីលើជំងឺនៃដំណាំប៉េងប៉ោះនៅមណ្ឌលពិសោធន៍ស្រាវជ្រាវនិងអភិវឌ្ឍន៍កសិកម្មដីឥដ្ឋ ស្រែអំពិលនារដូវវស្សា
260 ## - PUBLICATION, DISTRIBUTION, ETC. (IMPRINT)
Place of publication, distribution, etc. Phnom Penh
Name of publisher, distributor, etc. RUA
Date of publication, distribution, etc. 2005
300 ## - PHYSICAL DESCRIPTION
Extent xii; 52p.
Other physical details ill.
Dimensions 29cm.
942 ## - ADDED ENTRY ELEMENTS (KOHA)
Source of classification or shelving scheme
Koha item type AGR
Holdings
Price effective from Date last seen Permanent Location Not for loan Date acquired Source of classification or shelving scheme Koha item type Lost status Withdrawn status Date last checked out Total Checkouts Shelving location Damaged status Barcode Current Location Full call number
2015-09-182025-01-08Library Block B 2015-09-18 AGR  2024-12-246B031 RUA001515Library Block BAGR LUY 2005 B031 Or.1
2015-09-182023-08-01Library Block B 2015-09-18 AGR  2023-07-254B031 RUA001155Library Block BAGR LUY 2005 B031 Or.2
មជ្ឈមណ្ឌលឯការនៃសាកលវិទ្យាល័យភូមិន្ទកសិកម្មចំការដូង

Powered by Koha